Maillots des franchises N.B.A - Statistiques

Statistiques générales
  • Ce quiz a été pris 677 fois
  • Le résultat moyen est 24 sur 30
Statistiques - réponses
Par images Réponse % Correct
Los Angeles Lakers
100%
Boston Celtics
97%
Chicago Bulls
97%
Golden State Warriors
97%
San Antonio Spurs
95%
Miami Heat
90%
Cleveland Cavaliers
87%
New York Knicks
87%
Utah Jazz
87%
Brooklyn Nets
86%
Milwaukee Bucks
85%
Denver Nuggets
84%
Phoenix Suns
83%
Philadephie 76ers
82%
Charlotte Hornets
81%
Memphis Grizzlies
81%
Minnesota Timberwolves
78%
Atlanta Hawks
76%
Oklahoma City Thunder
76%
Sacramento Kings
76%
Toronto Raptors
75%
New Orleans Pelicans
74%
Orlando Magic
74%
Portland Trail Blazers
74%
Detroit Pistons
73%
Washington Wizards
72%
Indiana Pacers
71%
Houston Rockets
69%
Los Angeles Clippers
67%
Dallas Mavericks
65%
Aucun quiz correspondant
Distribution des résultats
% des personnes avec chaque résultat
Percentile par nombre de réponses
Votre historique - résultats
Vous n’avez pas pris ce quiz